• 首页
  • 本馆介绍
  • 公告通知
  • 最新文献
  • 馆藏检索
  • 电子资源
  • 读者导购
  • 参考咨询
  • 我的图书馆
  • 登录
  • 详细信息显示
  • 放入我的书架
  • 预约/预借图书
  • 作者相关作品
  • 分类相关作品
  • 丛书相关作品
  • 出版社相关作品

书目信息

  • 表格格式
  • 工作单格式
  • 卡片格式
题名:
梅山武学
    
 
作者: 刘柏坚 著
分册: 第一卷   梅山虎拳
出版信息: 北京   群言出版社  2015.09
页数: 233页
开本: 24cm
丛书名:
单 册:
中图分类: G852 , G852.18
科图分类:
主题词: 武术--中国 , 象形拳--中国
电子资源:
ISBN: 978-7-80256-863-1
000 00950nam0 2200301 450
001 0120151545554
005 20180917155556.40
010    @a978-7-80256-863-1@b精装@dCNY89.33,CNY268.00(全3册)
100    @a20151014d2015 em y0chiy50 ea
101 0  @achi
102    @aCN@b110000
105    @aaf z 000yy
106    @ar
200 1  @a梅山武学@9mei shan wu xue@h第一卷@i梅山虎拳
210    @a北京@c群言出版社@d2015.09
215    @a233页@c图,照片@d24cm
300    @a湖南省·新化县国家级非遗系列成果展示
314    @a封面题:刘柏坚著
330    @a本书为梅山武学第一卷梅山虎拳,主要内容包括:凶猛、本分、软弱、虎思、简单、狭隘、笨拙、虎思(续)、胆小、梅山工字桩、梅山铁尺、梅山杖。
333    @a武术爱好者
606 0  @a武术@y中国
606 0  @a象形拳@y中国
610 0  @a虎拳
690    @aG852@v5
690    @aG852.18@v5
701  0 @a刘柏坚@9liu bai jian@4著
801  0 @aCN@b人天书店@c20151014
905    @b1092161-63@dG852@e456:1@f3
    
    梅山武学.第一卷.梅山虎拳.-北京:群言出版社,2015.09
    233页:图,照片;24cm
    湖南省·新化县国家级非遗系列成果展示.-使用对象:武术爱好者
    
    ISBN 978-7-80256-863-1(精装):CNY89.33,CNY268.00(全3册)
    本书为梅山武学第一卷梅山虎拳,主要内容包括:凶猛、本分、软弱、虎思、简单、狭隘、笨拙、虎思(续)、胆小、梅山工字桩、梅山铁尺、梅山杖。
●
相关链接 在E读中查询图书 在五车中查询图书 在当当中查询图书 在豆瓣中查询图书


正题名:梅山武学     索取号:G852/456:1         预约/预借

序号 登录号 条形码 馆藏地/架位号 状态 备注
1 1092161   210921617   第一样本阅览室/ [索取号:G852/456:1] 在馆    
2 1092162   210921626   教育系资料室/ [索取号:G852/456:1] 在馆    
3 1092163   210921635   第四借阅区/ [索取号:G852/456:1] 在馆    
唐山师范学院图书馆 欢迎您!
大连网信软件有限公司© 版权所有